<?xml version="1.0" encoding="UTF-8"?>
<record
    xmlns:xsi="http://www.w3.org/2001/XMLSchema-instance"
    xsi:schemaLocation="http://www.loc.gov/MARC21/slim http://www.loc.gov/standards/marcxml/schema/MARC21slim.xsd"
    xmlns="http://www.loc.gov/MARC21/slim">

  <leader>02079nam a2200313Ia 4500</leader>
  <controlfield tag="001">H0747</controlfield>
  <controlfield tag="003">IT-RoPAU</controlfield>
  <controlfield tag="008">130308s9999    xx            000 0 und d</controlfield>
  <datafield tag="040" ind1=" " ind2=" ">
    <subfield code="a">IT-RoPAU</subfield>
  </datafield>
  <datafield tag="040" ind1=" " ind2=" ">
    <subfield code="c">IT-RoPAU</subfield>
  </datafield>
  <datafield tag="041" ind1=" " ind2=" ">
    <subfield code="a">ITALIANO</subfield>
  </datafield>
  <datafield tag="100" ind1=" " ind2=" ">
    <subfield code="a">AA.VV.</subfield>
  </datafield>
  <datafield tag="100" ind1=" " ind2=" ">
    <subfield code="g">Codice Aut. SPICS: 12000</subfield>
  </datafield>
  <datafield tag="245" ind1=" " ind2=" ">
    <subfield code="a">Che cos'&#xE8; l'e-learning</subfield>
  </datafield>
  <datafield tag="245" ind1=" " ind2=" ">
    <subfield code="b">Che Cos'E' L'E-Learning</subfield>
  </datafield>
  <datafield tag="250" ind1=" " ind2=" ">
    <subfield code="a">1a ed.</subfield>
  </datafield>
  <datafield tag="260" ind1=" " ind2=" ">
    <subfield code="a">ROMA</subfield>
  </datafield>
  <datafield tag="260" ind1=" " ind2=" ">
    <subfield code="b">Carocci</subfield>
  </datafield>
  <datafield tag="260" ind1=" " ind2=" ">
    <subfield code="c">2002 [1&#xB0; Ed.:2002 - Ed.Ling.Originale:2002]</subfield>
  </datafield>
  <datafield tag="300" ind1=" " ind2=" ">
    <subfield code="a">"144 p. (prefazione: no ; testo: 144 [pagine: 0-0])"</subfield>
  </datafield>
  <datafield tag="500" ind1=" " ind2=" ">
    <subfield code="a">"Autori dei vari Articoli: Paolo Chighine, Carmen Pisani e Antonella Giuliapizzaleo. Introduzione del curatore Valerio Eletti. Storia della Formazione a Distanza: Fad (Formazione a Distanza) di Prima, seconda e Terza Generazione; Formazione nella tv Pubblica Italiana. teorie Alla Base dell'Apprendimento: per una Definizione di Apprendimento; Comportamentismo; Cognitivismo; Costruttivismo; cooperative learning e Instructional System Design; Andragogia; Diversi Tipi di Apprendimento. Tecniche e Definizioni di Base: Autoapprendimento, Teledidattica; e Learning: Ambiente integrato di Formazione in Rete. Storia dell'arte  e I Trend Attuali: Centralit&#xE0; Dello Studente Oggi; Trend: Adattabilit&#xE0; e Micromondi. mercato dell'E Learning: Elementi Chiave; linee Generali di Sviluppo; mercato Corporate: Richiesta delle Aziende Private; mercato Educational e le Virtual University; mercato della Pubblica Amministrazione. nuove figure Professionali: nella fase Decisionale; nella Progettazione; nella Produzione; nell'Erogazione; nella fase di Valutazione. Appendice: un Caso di Studio: Sfera: Chi, Cosa, Come, Dove, Quando e Perche'; messa a Punto dell'E e Learning; Applicazione dell'E e Learning: un Caso di Studio; Trend di Sviluppo: la Vision dell'Amministratore Delegato. Bibliografia."</subfield>
  </datafield>
  <datafield tag="650" ind1=" " ind2=" ">
    <subfield code="a">ISTRUZIONE PROGRAMMATA</subfield>
  </datafield>
  <datafield tag="650" ind1=" " ind2=" ">
    <subfield code="e">Codice materia Spics: 4003</subfield>
  </datafield>
  <datafield tag="700" ind1=" " ind2=" ">
    <subfield code="a">Eletti Valerio</subfield>
  </datafield>
  <datafield tag="700" ind1=" " ind2=" ">
    <subfield code="g">Codice Aut. SPICS: 55064</subfield>
  </datafield>
  <datafield tag="942" ind1=" " ind2=" ">
    <subfield code="c">BK</subfield>
  </datafield>
  <datafield tag="957" ind1=" " ind2=" ">
    <subfield code="7">1</subfield>
  </datafield>
  <datafield tag="999" ind1=" " ind2=" ">
    <subfield code="c">89900</subfield>
    <subfield code="d">89900</subfield>
  </datafield>
  <datafield tag="999" ind1=" " ind2=" ">
    <subfield code="g">1</subfield>
  </datafield>
  <datafield tag="952" ind1=" " ind2=" ">
    <subfield code="0">0</subfield>
    <subfield code="1">0</subfield>
    <subfield code="4">0</subfield>
    <subfield code="6">H_000000000000000_0747</subfield>
    <subfield code="7">1</subfield>
    <subfield code="a">SPICS</subfield>
    <subfield code="b">SPICS</subfield>
    <subfield code="d">2013-03-08</subfield>
    <subfield code="l">0</subfield>
    <subfield code="o">H0747</subfield>
    <subfield code="r">2013-03-08 00:00:00</subfield>
    <subfield code="w">2013-03-08</subfield>
    <subfield code="y">BK</subfield>
    <subfield code="z">Progressivo inserimento:  18501 /  N. Volumi: 1 Copie: 1  / data import: 1 marzo 2013 - By Epidotti, Trombetti, Vaglietti. </subfield>
  </datafield>
</record>
